000 00268nam a2200109Ia 4500
008 230907s9999||||xx |||||||||||||| ||und||
082 _a620.001515353
_bLIU
100 _aLiu, G. R.
245 4 _aThe finite element method :
300 _axxi, 433 pages :
942 _cBK
999 _c600798
_d600798